[Event "Banff op"]
[Site "Banff"]
[Date "2023.11.12"]
[Round "5"]
[White "Ginsburg, Mark"]
[Black "Chandra, Anand Rishi"]
[Result "0-1"]
[WhiteElo "2279"]
[BlackElo "2145"]
[PlyCount "49"]
[EventDate "2023.11.10"]
[EventType "swiss"]
[EventRounds "6"]
[EventCountry "CAN"]
[SourceTitle "CB47_2023"]
[SourceDate "2023.11.22"]
[SourceVersion "1"]
[SourceVersionDate "2023.11.22"]
[SourceQuality "1"]

1. c4 e5 2. Nc3 Nf6 3. Nf3 Nc6 4. g3 d5 5. cxd5 Nxd5 6. Bg2 Nb6 7. 0-0 Be7 8. d3 0-0 9. Be3 Be6 10. a3 Nd5 11. Bd2 Nxc3 12. bxc3 f6 13. Be3 Qd7 14. Nd2 Rad8 15. a4 Na5 16. Qb1 b6 17. c4 f5 18. Nb3 Nxb3 19. Qxb3 f4 20. Bd2 Bc5 21. Bb4 fxg3 22. hxg3 Bxf2+ 23. Rxf2 Rxf2 24. Re1 Rf5 25. Bc5 0-1

[Event "Banff op"]
[Site "Banff"]
[Date "2023.11.11"]
[Round "3"]
[White "Ginsburg, Mark"]
[Black "Huh, Isaak"]
[Result "1-0"]
[WhiteElo "2279"]
[BlackElo "1944"]
[PlyCount "45"]
[EventDate "2023.11.10"]
[EventType "swiss"]
[EventRounds "6"]
[EventCountry "CAN"]
[SourceTitle "CB47_2023"]
[SourceDate "2023.11.22"]
[SourceVersion "1"]
[SourceVersionDate "2023.11.22"]
[SourceQuality "1"]

1. c4 Nf6 2. Nc3 e5 3. Nf3 Nc6 4. g3 g6 5. d4 exd4 6. Nxd4 Bg7 7. Bg2 0-0 8. 0-0 Nxd4 9. Qxd4 d6 10. Qh4 Qd7 11. h3 h5 12. Be3 a6 13. Rad1 Qe6 14. Bd4 c6 15. f4 Bd7 16. e4 c5 17. f5 Qe7 18. Be3 Bc6 19. g4 hxg4 20. hxg4 Bh8 21. Bg5 Rad8 22. Rd3 Qe5 23. Rh3 1-0

[Event "Banff op"]
[Site "Banff"]
[Date "2023.11.11"]
[Round "4"]
[White "Khodjimatov, Sherzod"]
[Black "Ginsburg, Mark"]
[Result "1/2-1/2"]
[WhiteElo "2138"]
[BlackElo "2279"]
[PlyCount "94"]
[EventDate "2023.11.10"]
[EventType "swiss"]
[EventRounds "6"]
[EventCountry "CAN"]
[SourceTitle "CB47_2023"]
[SourceDate "2023.11.22"]
[SourceVersion "1"]
[SourceVersionDate "2023.11.22"]
[SourceQuality "1"]

1. e4 g6 2. g3 Bg7 3. Bg2 c5 4. Nc3 Nc6 5. d3 d6 6. f4 Nf6 7. Nf3 Bg4 8. h3 Bxf3 9. Qxf3 0-0 10. 0-0 Rb8 11. a4 a6 12. Ne2 Nd7 13. h4 Nd4 14. Nxd4 cxd4 15. a5 Rc8 16. Rf2 Rc7 17. Bh3 e6 18. b3 Rc5 19. f5 Rxa5 20. Rxa5 Qxa5 21. fxe6 Ne5 22. Qd1 Qa1 23. Qf1 f6 24. Kg2 Re8 25. Bd2 Qxf1+ 26. Rxf1 Kf8 27. Ba5 Ke7 28. Bb6 Rc8 29. Rf2 Nc6 30. Kf1 Bh6 31. Ke1 Be3 32. Rg2 Ne5 33. Kd1 h5 34. g4 hxg4 35. Bxg4 Rh8 36. h5 Nxg4 37. Rxg4 gxh5 38. Rh4 Kxe6 39. Rh3 d5 40. c3 dxe4 41. cxd4 Bg5 42. dxe4 h4 43. Ke2 f5 44. Kd3 fxe4+ 45. Kxe4 Rf8 46. Bc7 Rf5 47. Be5 Rf1 1/2-1/2

[Event "Banff op"]
[Site "Banff"]
[Date "2023.11.10"]
[Round "1"]
[White "Ginsburg, Mark"]
[Black "Boehmer, Kris"]
[Result "1-0"]
[WhiteElo "2279"]
[BlackElo "2038"]
[PlyCount "49"]
[EventDate "2023.11.10"]
[EventType "swiss"]
[EventRounds "6"]
[EventCountry "CAN"]
[SourceTitle "CB47_2023"]
[SourceDate "2023.11.22"]
[SourceVersion "1"]
[SourceVersionDate "2023.11.22"]
[SourceQuality "1"]

1. c4 c6 2. d4 d5 3. Nf3 Nf6 4. Qc2 g6 5. Bf4 Bg7 6. e3 Nh5 7. Be5 f6 8. Bxb8 Rxb8 9. Nc3 0-0 10. cxd5 cxd5 11. Nxd5 Be6 12. Nc3 Bh6 13. Be2 Ng7 14. 0-0 Nf5 15. d5 Bf7 16. e4 Nd6 17. Nd4 Rc8 18. Bg4 Rc4 19. Ne6 Bxe6 20. Bxe6+ Kg7 21. Qd3 Qc7 22. g3 Qb6 23. Qe2 Rb4 24. Rab1 Nc4 25. a3 1-0

[Event "Bruges Masters op"]
[Site "Bruges"]
[Date "2023.08.18"]
[Round "9"]
[White "Koridze, Lile"]
[Black "Ginsburg, Mark"]
[Result "0-1"]
[WhiteElo "2152"]
[BlackElo "2291"]
[PlyCount "102"]
[EventDate "2023.08.12"]
[EventType "swiss"]
[EventRounds "9"]
[EventCountry "BEL"]
[SourceTitle "CBM 215 Extra"]
[Source "ChessBase"]
[SourceDate "2023.09.30"]
[SourceVersion "1"]
[SourceVersionDate "2023.09.30"]
[SourceQuality "1"]

1. d4 Nf6 2. c4 c5 3. d5 g6 4. Nf3 Bg7 5. Nc3 d6 6. e4 Bg4 7. Be2 0-0 8. 0-0 Nbd7 9. Be3 a6 10. h3 Bxf3 11. Bxf3 Qc7 12. Be2 e6 13. Qd2 exd5 14. exd5 Rfe8 15. Rfe1 Rab8 16. Bf4 Ne5 17. Rab1 h5 18. Bg3 Ned7 19. Qf4 Re5 20. Qf3 Re7 21. Bf1 Rbe8 22. Rxe7 Rxe7 23. Bh4 Re8 24. g4 hxg4 25. hxg4 Ne5 26. Qf4 Nfxg4 27. Bh3 f5 28. Kg2 Bh6 29. Bg5 Bxg5 30. Qxg5 Qe7 31. Qxe7 Rxe7 32. b4 cxb4 33. Rxb4 Nxf2 34. Na4 Nfd3 35. Rb3 Nf4+ 36. Kg3 Nxh3 37. Kxh3 Nxc4 38. Nb6 Ne3 39. Nc8 Rh7+ 40. Kg3 Nxd5 41. Nxd6 b5 42. Rd3 Nf6 43. Kf4 Rd7 44. Rd4 Re7 45. a4 Kg7 46. axb5 axb5 47. Rd2 Ne4 48. Re2 b4 49. Nc4 Kf6 50. Rb2 Nc5 51. Kf3 b3 0-1

[Event "Bruges Masters op"]
[Site "Bruges"]
[Date "2023.08.15"]
[Round "6"]
[White "Ginsburg, Mark"]
[Black "Tomme, Lowie"]
[Result "1-0"]
[WhiteElo "2291"]
[BlackElo "2157"]
[PlyCount "71"]
[EventDate "2023.08.12"]
[EventType "swiss"]
[EventRounds "9"]
[EventCountry "BEL"]
[SourceTitle "CBM 215 Extra"]
[Source "ChessBase"]
[SourceDate "2023.09.30"]
[SourceVersion "1"]
[SourceVersionDate "2023.09.30"]
[SourceQuality "1"]

1. Nf3 Nf6 2. c4 e6 3. g3 d5 4. b3 Be7 5. Bg2 0-0 6. 0-0 c6 7. Bb2 a5 8. Qc2 h6 9. Nc3 Na6 10. d4 Bd7 11. e4 dxe4 12. Nxe4 c5 13. Ne5 Nb4 14. Qe2 cxd4 15. Bxd4 Nc6 16. Bb2 Nxe4 17. Bxe4 Nxe5 18. Bxe5 Bc6 19. Qg4 Bf6 20. Rad1 Bxe5 21. Rxd8 Raxd8 22. Bxc6 bxc6 23. Qe4 Bc3 24. Qxc6 Rd2 25. c5 Rxa2 26. Qe4 e5 27. c6 a4 28. bxa4 Bd4 29. c7 Rxa4 30. Qc6 Raa8 31. Rb1 Rac8 32. Qd6 Ba7 33. Rb7 Ra8 34. Rxa7 Rxa7 35. Qxf8+ Kxf8 36. c8Q+ 1-0

[Event "US op Irwin 121st"]
[Site "Cherry Hill"]
[Date "2021.08.01"]
[Round "3"]
[White "Alvarez Ferreiro, Roberto"]
[Black "Ginsburg, Mark"]
[Result "1/2-1/2"]
[WhiteElo "2279"]
[BlackElo "2315"]
[PlyCount "27"]
[EventDate "2021.07.31"]
[EventType "swiss"]
[EventRounds "6"]
[EventCountry "USA"]
[SourceTitle "EXT 2022"]
[Source "ChessBase"]
[SourceDate "2021.10.06"]
[SourceVersion "1"]
[SourceVersionDate "2021.10.06"]
[SourceQuality "1"]

1. e4 c5 2. d4 cxd4 3. c3 dxc3 4. Nxc3 Nc6 5. Bc4 d6 6. Nf3 a6 7. 0-0 Nf6 8. h3 e6 9. Qe2 Be7 10. Rd1 e5 11. b4 0-0 12. a4 Be6 13. Ba3 Rc8 14. Nd5 1/2-1/2

[Event "Banff op"]
[Site "Banff"]
[Date "2019.11.11"]
[Round "6"]
[White "Matras Clement, Agnieszka"]
[Black "Ginsburg, Mark"]
[Result "1/2-1/2"]
[WhiteElo "2264"]
[BlackElo "2324"]
[PlyCount "117"]
[EventDate "2019.11.09"]
[EventType "swiss"]
[EventRounds "6"]
[EventCountry "CAN"]
[SourceTitle "CBM 193 Extra"]
[Source "ChessBase"]
[SourceDate "2020.01.31"]
[SourceVersion "1"]
[SourceVersionDate "2020.01.31"]
[SourceQuality "1"]

1. e4 c5 2. Nf3 e6 3. d4 cxd4 4. Nxd4 a6 5. Nc3 Qc7 6. Bd3 Nf6 7. f4 d6 8. Qf3 Nc6 9. Nxc6 bxc6 10. 0-0 d5 11. e5 Nd7 12. Kh1 g6 13. b3 Bb7 14. Na4 Nb6 15. Nxb6 Qxb6 16. c4 Be7 17. Bb2 dxc4 18. Bxc4 c5 19. Qe2 Rd8 20. Rac1 0-0 21. Rc3 Bd5 22. Rh3 Bxc4 23. bxc4 Rd7 24. Rb3 Qc6 25. Bc3 Bd8 26. Re1 Bh4 27. Reb1 Qa4 28. Rb6 Rfd8 29. Rd6 Be7 30. Rxd7 Rxd7 31. h3 Rd8 32. Rb7 Bf8 33. Kh2 Bh6 34. g3 Bf8 35. h4 h5 36. Rc7 Rd1 37. Rb7 Rc1 38. Rb3 Qc6 39. Qg2 Qxg2+ 40. Kxg2 Rc2+ 41. Kf3 Rxa2 42. Ke4 Kg7 43. Rb7 Rg2 44. Ba5 Rxg3 45. Bd8 Rc3 46. Bf6+ Kg8 47. Rb8 Rxc4+ 48. Kd3 Rb4 49. Ra8 Rb7 50. Rxa6 Kh7 51. Ra8 Bg7 52. Bg5 Bh6 53. Bf6 Bg7 54. Bg5 Bh8 55. Kc4 f6 56. exf6 Rf7 57. Kxc5 Bxf6 58. Kd6 Bg7 59. Kxe6 1/2-1/2

[Event "Las Vegas National op"]
[Site "Las Vegas"]
[Date "2018.06.22"]
[Round "3"]
[White "Virtanen, Teemu"]
[Black "Ginsburg, Mark"]
[Result "1-0"]
[WhiteElo "2269"]
[BlackElo "2350"]
[PlyCount "119"]
[EventDate "2018.06.21"]
[EventType "swiss"]
[EventRounds "7"]
[EventCountry "USA"]
[SourceTitle "CBM 185 Extra"]
[Source "ChessBase"]
[SourceDate "2018.07.29"]
[SourceVersion "1"]
[SourceVersionDate "2018.07.29"]
[SourceQuality "1"]

1. c4 e5 2. g3 Nc6 3. Bg2 g6 4. Nc3 Bg7 5. Nf3 d6 6. 0-0 Nf6 7. d3 0-0 8. Rb1 Bf5 9. h3 h6 10. b4 Qd7 11. Kh2 g5 12. b5 Nd4 13. Ng1 c6 14. bxc6 bxc6 15. Qa4 Rac8 16. Ba3 Rfe8 17. Rfd1 h5 18. Ne4 Bxe4 19. dxe4 Bf8 20. e3 Ne6 21. c5 d5 22. exd5 cxd5 23. Qxd7 Nxd7 24. Bxd5 Ndxc5 25. Nf3 e4 26. Ne5 Nd3 27. Bxf8 Nxe5 28. Bd6 Nd3 29. Rd2 Nec5 30. Bxc5 Nxc5 31. Rc1 Re5 32. Rd4 Kg7 33. Bxe4 Ne6 34. Rdc4 Rxc4 35. Rxc4 Ra5 36. a4 h4 37. gxh4 gxh4 38. Bf3 Nc5 39. Bd1 Nd3 40. Kg2 Rg5+ 41. Rg4 f6 42. f4 Rxg4+ 43. Bxg4 Nc5 44. Bd1 f5 45. Bc2 Kf6 46. Kf3 a5 47. Ke2 Ke6 48. Kd2 Kd5 49. Bxf5 Nxa4 50. Bc2 Nb6 51. Kc3 Nd7 52. e4+ Kc5 53. Bb3 Nf6 54. Kd3 Nh5 55. Ke3 Ng3 56. e5 Nf5+ 57. Ke4 Ng3+ 58. Kf3 Nf1 59. Kg4 Nd2 60. Ba2 1-0

[Event "Victoria Grand Pacific op"]
[Site "Victoria"]
[Date "2018.03.30"]
[Round "1.2"]
[White "Huang, Patrick"]
[Black "Ginsburg, Mark"]
[Result "0-1"]
[WhiteElo "2039"]
[BlackElo "2372"]
[PlyCount "92"]
[EventDate "2018.03.30"]
[EventType "swiss"]
[EventRounds "6"]
[EventCountry "CAN"]
[SourceTitle "EXT 2022"]
[Source "ChessBase"]
[SourceDate "2021.10.06"]
[SourceVersion "1"]
[SourceVersionDate "2021.10.06"]
[SourceQuality "1"]

1. d4 Nf6 2. Nf3 g6 3. Nc3 d5 4. Bf4 Bg7 5. e3 0-0 6. Be2 c5 7. Ne5 cxd4 8. exd4 Nc6 9. Qd2 Bf5 10. h4 Qb6 11. Nxc6 bxc6 12. 0-0-0 Ne4 13. Nxe4 dxe4 14. c3 Be6 15. Bh6 Qa5 16. a3 Rab8 17. Bxg7 Kxg7 18. h5 g5 19. c4 Qxd2+ 20. Rxd2 a5 21. Rc2 f5 22. Rc3 Rfd8 23. Rd1 Kf6 24. Kc2 g4 25. Rb3 Kg5 26. Rxb8 Rxb8 27. Rh1 Bf7 28. h6 a4 29. g3 f4 30. gxf4+ Kxf4 31. Rh4 Be6 32. Rh5 Bf5 33. Kc1 Rd8 34. d5 cxd5 35. cxd5 Rxd5 36. Bd1 Rd4 37. Rh1 e5 38. Be2 e3 39. fxe3+ Kxe3 40. Bb5 Be4 41. Rg1 Bf3 42. Re1+ Kf4 43. Kc2 g3 44. Bd3 g2 45. Kc3 Rd6 46. Bxh7 Rxh6 0-1

[Event "Wch Seniors 50 26th"]
[Site "Marianske Lazne"]
[Date "2016.11.30"]
[Round "11"]
[White "Ginsburg, Mark"]
[Black "Yuferev, Oleg"]
[Result "1/2-1/2"]
[WhiteElo "2340"]
[BlackElo "2239"]
[PlyCount "67"]
[EventDate "2016.11.19"]
[EventType "swiss"]
[EventRounds "11"]
[EventCountry "CZE"]
[SourceTitle "CBM 175 Extra"]
[Source "ChessBase"]
[SourceDate "2016.12.12"]
[SourceVersion "1"]
[SourceVersionDate "2016.12.12"]
[SourceQuality "1"]

1. c4 c5 2. Nf3 Nc6 3. Nc3 g6 4. e3 Nf6 5. d4 cxd4 6. exd4 d5 7. cxd5 Nxd5 8. Qb3 Nxc3 9. Bc4 e6 10. bxc3 a6 11. Be2 Bg7 12. Ba3 Bf8 13. Bxf8 Kxf8 14. h4 h6 15. h5 g5 16. 0-0 Kg7 17. Rad1 Qf6 18. Nh2 b5 19. Ng4 Qf4 20. Qb2 f6 21. Bf3 Ra7 22. Nxf6 Nxd4 23. Rxd4 Qxf6 24. Qd2 Rc7 25. Rd1 Rf8 26. Qe3 Rff7 27. R1d3 Rfe7 28. g3 Rf7 29. Kg2 Rf8 30. Be4 Qe5 31. Bg6 Bb7+ 32. Be4 Bc8 33. Bg6 Bb7+ 34. Be4 1/2-1/2

[Event "Wch Seniors 50 26th"]
[Site "Marianske Lazne"]
[Date "2016.11.19"]
[Round "1"]
[White "Ginsburg, Mark"]
[Black "Shaw, Meyrick"]
[Result "1-0"]
[WhiteElo "2340"]
[BlackElo "1947"]
[PlyCount "85"]
[EventDate "2016.11.19"]
[EventType "swiss"]
[EventRounds "11"]
[EventCountry "CZE"]
[SourceTitle "CBM 175 Extra"]
[Source "ChessBase"]
[SourceDate "2016.12.12"]
[SourceVersion "1"]
[SourceVersionDate "2016.12.12"]
[SourceQuality "1"]

1. c4 Nf6 2. Nc3 e5 3. Nf3 Nc6 4. g3 d6 5. Bg2 g6 6. d4 exd4 7. Nxd4 Nxd4 8. Qxd4 Bg7 9. Qe3+ Qe7 10. Nb5 Qxe3 11. Bxe3 Kd8 12. Rd1 a6 13. Nc3 Ng4 14. Bg5+ f6 15. Bd2 Ne5 16. b3 Re8 17. 0-0 c6 18. Ne4 Ke7 19. Bb4 c5 20. Ba5 Nf7 21. Bc7 f5 22. Nxd6 Nxd6 23. Bxd6+ Kf7 24. Bd5+ Kf6 25. Bxc5 g5 26. Bd4+ Kg6 27. Bxg7 Kxg7 28. e3 Rb8 29. Rd4 Re5 30. Rfd1 b6 31. Bg2 Be6 32. Rd6 Kf7 33. Bd5 Bxd5 34. R1xd5 Rxd5 35. cxd5 a5 36. Kg2 b5 37. Ra6 a4 38. bxa4 bxa4 39. Rxa4 Rb5 40. Rd4 Ke7 41. a4 Ra5 42. d6+ Kd7 43. f3 1-0

[Event "USA tt"]
[Site "ICC INT"]
[Date "2015.10.20"]
[Round "9"]
[White "Ginsburg, Mark"]
[Black "Akobian, Varuzhan"]
[Result "0-1"]
[WhiteElo "2358"]
[BlackElo "2635"]
[PlyCount "62"]
[EventDate "2015.08.25"]
[EventType "team-swiss"]
[EventRounds "10"]
[EventCountry "USA"]
[SourceTitle "EXT 2017"]
[Source "ChessBase"]
[SourceDate "2016.10.25"]
[SourceVersion "1"]
[SourceVersionDate "2016.10.25"]
[SourceQuality "1"]
[WhiteTeam "Arizona"]
[BlackTeam "St Louis"]
[WhiteTeamCountry "USA"]
[BlackTeamCountry "USA"]

1. e4 e6 2. d4 d5 3. Nc3 Bb4 4. Nge2 dxe4 5. a3 Bxc3+ 6. Nxc3 Nc6 7. Bb5 Nge7 8. 0-0 0-0 9. Be3 f5 10. Ne2 a6 11. Ba4 b5 12. Bb3 Nd5 13. c4 bxc4 14. Bxc4 Nce7 15. Qd2 Qd6 16. g3 a5 17. Rfc1 Ba6 18. b3 Nxe3 19. fxe3 Rfb8 20. Nf4 Bxc4 21. bxc4 a4 22. Rc3 Rb3 23. Rxb3 axb3 24. Qb2 Rb8 25. Rc1 Nc6 26. c5 Qd7 27. Qc3 Ne7 28. Qc4 g5 29. Ne2 Nd5 30. Kf2 b2 31. Rb1 Qb5 0-1

[Event "USA tt"]
[Site "ICC INT"]
[Date "2015.09.16"]
[Round "4"]
[White "Kiewra, Keaton F"]
[Black "Ginsburg, Mark"]
[Result "1-0"]
[WhiteElo "2421"]
[BlackElo "2358"]
[PlyCount "167"]
[EventDate "2015.08.25"]
[EventType "team-swiss"]
[EventRounds "10"]
[EventCountry "USA"]
[SourceTitle "EXT 2016"]
[Source "ChessBase"]
[SourceDate "2015.10.08"]
[SourceVersion "1"]
[SourceVersionDate "2015.10.08"]
[SourceQuality "1"]
[WhiteTeam "San Diego"]
[BlackTeam "Arizona"]
[WhiteTeamCountry "USA"]
[BlackTeamCountry "USA"]

1. d4 Nf6 2. Bg5 Ne4 3. Bf4 Nc6 4. f3 e5 5. dxe5 g5 6. Be3 Nc5 7. Nc3 Nxe5 8. Bd4 d6 9. h4 Be6 10. e3 Qf6 11. Bxc5 dxc5 12. Ne4 Qg7 13. hxg5 Be7 14. Qd2 h6 15. Nf6+ Bxf6 16. gxf6 Qxf6 17. 0-0-0 Rd8 18. Qxd8+ Qxd8 19. Rxd8+ Kxd8 20. Ne2 Ke7 21. Nf4 b6 22. Be2 a5 23. a3 c6 24. Nxe6 fxe6 25. f4 Nf7 26. Bf3 Nd6 27. Bxc6 Nf5 28. Rh3 Rg8 29. Kd2 c4 30. Bf3 c3+ 31. bxc3 Rd8+ 32. Ke2 Rc8 33. e4 Nd6 34. e5 Nb5 35. Rxh6 Rxc3 36. Rh7+ Kf8 37. a4 Nd4+ 38. Kd2 Ra3 39. Bd1 Rxa4 40. c3 Ra2+ 41. Kd3 Ra1 42. Kxd4 Rxd1+ 43. Ke4 a4 44. Ra7 b5 45. c4 bxc4 46. Rxa4 c3 47. Rc4 Re1+ 48. Kf3 Rc1 49. Kg4 c2 50. Kg5 Ke7 51. Rc3 Kd7 52. g4 Ke7 53. Rc6 Kd7 54. Rd6+ Ke7 55. Rc6 Kd7 56. Rc5 Ke7 57. Rc4 Kd7 58. Kf6 Rf1 59. Rxc2 Rxf4+ 60. Kg5 Re4 61. Rc5 Ke7 62. Kh5 Kf7 63. g5 Re1 64. g6+ Kg8 65. Rc8+ Kg7 66. Rc7+ Kg8 67. Kh6 Rh1+ 68. Kg5 Rf1 69. Rf7 Rg1+ 70. Kf6 Rg2 71. Ra7 Rf2+ 72. Kxe6 Rg2 73. g7 Re2 74. Re7 Re1 75. Rd7 Re2 76. Kf6 Rf2+ 77. Ke7 Re2 78. e6 Re1 79. Rd8+ Kxg7 80. Rd2 Rg1 81. Kd7 Ra1 82. e7 Ra7+ 83. Ke6 Ra6+ 84. Rd6 1-0

[Event "USA tt"]
[Site "ICC INT"]
[Date "2014.09.30"]
[Round "6"]
[White "Wheeler, Cameron"]
[Black "Ginsburg, Mark"]
[Result "1/2-1/2"]
[WhiteElo "2307"]
[BlackElo "2358"]
[PlyCount "112"]
[EventDate "2014.08.26"]
[EventType "team-tourn"]
[EventRounds "10"]
[EventCountry "USA"]
[SourceTitle "CBM 162 Extra"]
[Source "ChessBase"]
[SourceDate "2014.10.17"]
[SourceVersion "1"]
[SourceVersionDate "2014.10.17"]
[SourceQuality "1"]
[WhiteTeam "San Francisco"]
[BlackTeam "Arizona"]
[WhiteTeamCountry "USA"]
[BlackTeamCountry "USA"]

1. c4 Nf6 2. g3 e5 3. Bg2 Nc6 4. Nc3 g6 5. e3 Bg7 6. Nge2 0-0 7. 0-0 d6 8. d4 exd4 9. Nxd4 Ne5 10. b3 a6 11. f4 Ned7 12. e4 Re8 13. Re1 Nc5 14. Ba3 Rb8 15. Rc1 c6 16. Bxc5 dxc5 17. Nf3 Bg4 18. e5 Nd7 19. h3 Bxf3 20. Qxf3 Nf8 21. Rcd1 Qe7 22. Ne4 Ne6 23. Qf2 Red8 24. g4 Rxd1 25. Rxd1 Rd8 26. Rxd8+ Qxd8 27. Nxc5 Nxc5 28. Qxc5 Bf8 29. Qe3 Qa5 30. Qe2 Qc3 31. Kh2 Bc5 32. e6 Kf8 33. Qe5 Qxe5 34. fxe5 Bd4 35. exf7 Bxe5+ 36. Kg1 Kxf7 37. Kf2 Bd4+ 38. Kf3 Ke6 39. Ke4 Bf2 40. Bf1 a5 41. Kf4 Kd6 42. Kg5 Be3+ 43. Kf6 Bd4+ 44. Kf7 g5 45. Ke8 Kc5 46. Kd7 b5 47. cxb5 cxb5 48. Ke6 h6 49. Kf5 Bf2 50. a4 bxa4 51. bxa4 Kb4 52. Bb5 Kc5 53. Kg6 Kb4 54. Kxh6 Bh4 55. Kg6 Kc5 56. Kf5 Kb6 1/2-1/2

[Event "USA tt"]
[Site "ICC INT"]
[Date "2014.09.16"]
[Round "4"]
[White "Ginsburg, Mark"]
[Black "Remlinger, Larry"]
[Result "1-0"]
[WhiteElo "2358"]
[BlackElo "2295"]
[PlyCount "119"]
[EventDate "2014.08.26"]
[EventType "team-tourn"]
[EventRounds "10"]
[EventCountry "USA"]
[SourceTitle "CBM 162 Extra"]
[Source "ChessBase"]
[SourceDate "2014.10.17"]
[SourceVersion "1"]
[SourceVersionDate "2014.10.17"]
[SourceQuality "1"]
[WhiteTeam "Arizona"]
[BlackTeam "Los Angeles"]
[WhiteTeamCountry "USA"]
[BlackTeamCountry "USA"]

1. Nf3 Nf6 2. c4 g6 3. Nc3 d5 4. cxd5 Nxd5 5. Qb3 Nb6 6. d4 Bg7 7. Bf4 0-0 8. Rd1 a5 9. e4 Bg4 10. Be2 Bxf3 11. gxf3 Nc6 12. Nb5 a4 13. Qc2 Rc8 14. d5 Ne5 15. Be3 Qd7 16. f4 Nf3+ 17. Bxf3 Qxb5 18. b3 c6 19. Qc5 Na8 20. Qxb5 cxb5 21. e5 Nc7 22. 0-0 g5 23. Kh1 gxf4 24. Bxf4 Rcd8 25. Rg1 Kh8 26. Rg3 Rg8 27. Rh3 e6 28. Be4 h6 29. Bxh6 Bxh6 30. Rxh6+ Kg7 31. Rh7+ Kf8 32. d6 axb3 33. axb3 Na6 34. Rc1 b6 35. b4 Rg7 36. Rh8+ Rg8 37. Rxg8+ Kxg8 38. f4 Nxb4 39. Rb1 Na2 40. Rxb5 Nc3 41. Rb4 Nxe4 42. Rxe4 Kf8 43. Kg2 b5 44. Kf3 Rb8 45. Rb4 Ke8 46. Ke4 Kd7 47. Kd4 Kc6 48. Rb2 Rh8 49. Rc2+ Kb6 50. h4 b4 51. h5 Kb5 52. Rc7 b3 53. Kc3 Rxh5 54. d7 Rh3+ 55. Kd2 Rh2+ 56. Ke3 Rh3+ 57. Ke4 b2 58. Rb7+ Kc6 59. d8N+ Kc5 60. Rxb2 1-0

[Event "USA tt"]
[Site "ICC INT"]
[Date "2012.11.05"]
[Round "10"]
[White "Ginsburg, Mark"]
[Black "Jones, Craig W"]
[Result "1/2-1/2"]
[WhiteElo "2358"]
[BlackElo "2175"]
[PlyCount "103"]
[EventDate "2012.09.04"]
[EventType "team-tourn"]
[EventRounds "10"]
[EventCountry "USA"]
[SourceTitle "EXT 2013"]
[Source "ChessBase"]
[SourceDate "2012.11.22"]
[SourceVersion "1"]
[SourceVersionDate "2012.11.22"]
[SourceQuality "1"]
[WhiteTeam "Arizona"]
[BlackTeam "Carolina"]
[WhiteTeamCountry "USA"]
[BlackTeamCountry "USA"]

1. d4 Nf6 2. c4 e6 3. Nf3 Bb4+ 4. Nbd2 b6 5. e3 Bb7 6. Be2 0-0 7. 0-0 c5 8. Nb3 cxd4 9. exd4 d5 10. c5 bxc5 11. dxc5 Nbd7 12. Qd4 a5 13. a3 e5 14. Nxe5 Nxe5 15. axb4 Nc6 16. Qh4 axb4 17. Bg5 Re8 18. Rxa8 Bxa8 19. Bxf6 Qxf6 20. Qxf6 gxf6 21. Bb5 Rc8 22. Bxc6 Rxc6 23. Ra1 Bb7 24. f3 d4 25. Kf2 Bc8 26. Rc1 d3 27. Ke3 Re6+ 28. Kxd3 Ba6+ 29. Kd4 Re2 30. Ra1 Rxb2 31. Rxa6 Rxb3 32. Kd5 Kf8 33. c6 Rc3 34. Rb6 b3 35. Kd6 Rd3+ 36. Kc7 Ke7 37. Kb7 Rc3 38. Rb4 Kd6 39. Rb6 Ke7 40. f4 h5 41. g3 Kd6 42. h3 Ke7 43. g4 hxg4 44. hxg4 Kd6 45. g5 f5 46. c7+ Kd7 47. c8Q+ Rxc8 48. Rxb3 Rc4 49. Rb6 Rxf4 50. Rf6 Ke7 51. Kc6 Rd4 52. Rxf5 1/2-1/2

[Event "USA tt"]
[Site "ICC INT"]
[Date "2012.09.17"]
[Round "3"]
[White "Ginsburg, Mark"]
[Black "Orlov, Georgi"]
[Result "1/2-1/2"]
[WhiteElo "2358"]
[BlackElo "2469"]
[PlyCount "169"]
[EventDate "2012.09.04"]
[EventType "team-tourn"]
[EventRounds "10"]
[EventCountry "USA"]
[SourceTitle "CBM 150 Extra"]
[Source "ChessBase"]
[SourceDate "2012.10.19"]
[SourceVersion "1"]
[SourceVersionDate "2012.10.19"]
[SourceQuality "1"]
[WhiteTeam "Arizona"]
[BlackTeam "Seattle"]
[WhiteTeamCountry "USA"]
[BlackTeamCountry "USA"]

1. c4 Nf6 2. Nc3 g6 3. e4 d6 4. d4 Bg7 5. f3 0-0 6. Bg5 Na6 7. Qd2 c5 8. d5 e6 9. Bd3 Nb4 10. Bb1 h6 11. Be3 exd5 12. cxd5 Nd7 13. a3 Na6 14. Nge2 Ne5 15. Ba2 Qh4+ 16. Bf2 Qg5 17. Qxg5 hxg5 18. Nc1 Bd7 19. h4 gxh4 20. Bxh4 Rfe8 21. Nd1 b5 22. 0-0 c4 23. Bf2 Nc5 24. Bxc5 dxc5 25. f4 Ng4 26. e5 Bf5 27. Bb1 Rad8 28. Bxf5 gxf5 29. Nc3 Ne3 30. Rf3 Nc2 31. Rb1 b4 32. Nb5 Rxd5 33. Nd6 Rxd6 34. exd6 Re1+ 35. Kh2 Kf8 36. Rf2 Ne3 37. Re2 Ng4+ 38. Kg3 Rd1 39. axb4 cxb4 40. Ra1 Bf6 41. Ra5 Nh6 42. Rc2 c3 43. bxc3 bxc3 44. Ne2 Rxd6 45. Kf2 Rd3 46. Ke1 Ng4 47. Rca2 Ne3 48. g3 Rd1+ 49. Kf2 Ng4+ 50. Kg2 Ne3+ 51. Kf2 Ng4+ 52. Kg2 Rd2 53. Kf3 c2 54. Rc5 Rd3+ 55. Kg2 Ne3+ 56. Kf2 Nd1+ 57. Ke1 Bc3+ 58. Rxc3 Nxc3 59. Rxc2 Ne4 60. Ra2 Rd7 61. Ra5 Rb7 62. Kd1 Rd7+ 63. Ke1 Re7 64. Kf1 Rb7 65. Nd4 Nxg3+ 66. Kg2 Nh5 67. Rxf5 Ng7 68. Ra5 Ne6 69. Nxe6+ fxe6 70. Ra6 Rf7 71. Kg3 Re7 72. Kf3 Kf7 73. Ke4 Rb7 74. Ke5 Rb5+ 75. Ke4 Rb4+ 76. Ke5 Rb7 77. f5 Rb5+ 78. Kd4 exf5 79. Rxa7+ Kf6 80. Ke3 Kg5 81. Kf2 Kg4 82. Ra4+ f4 83. Ra3 Rb2+ 84. Kg1 f3 85. Ra8 1/2-1/2

[Event "USA tt"]
[Site "ICC INT"]
[Date "2012.09.10"]
[Round "2"]
[White "Bartell, Thomas"]
[Black "Ginsburg, Mark"]
[Result "0-1"]
[WhiteElo "2417"]
[BlackElo "2358"]
[PlyCount "70"]
[EventDate "2012.09.04"]
[EventType "team-tourn"]
[EventRounds "10"]
[EventCountry "USA"]
[SourceTitle "CBM 150 Extra"]
[Source "ChessBase"]
[SourceDate "2012.10.19"]
[SourceVersion "1"]
[SourceVersionDate "2012.10.19"]
[SourceQuality "1"]
[WhiteTeam "Philadelphia"]
[BlackTeam "Arizona"]
[WhiteTeamCountry "USA"]
[BlackTeamCountry "USA"]

1. d4 Nf6 2. c4 e6 3. Nc3 Bb4 4. e3 0-0 5. Nge2 d5 6. a3 Be7 7. cxd5 Nxd5 8. g3 c5 9. dxc5 Nxc3 10. Qxd8 Rxd8 11. Nxc3 Bxc5 12. Bg2 Nc6 13. Bd2 Ne5 14. Ke2 Nc4 15. Bc1 Rb8 16. b3 Ne5 17. Ne4 b6 18. Bd2 Ba6+ 19. Kd1 Be7 20. f4 Ng4 21. Ke1 Bb7 22. h3 Nh6 23. Rg1 Nf5 24. Nf2 Bxg2 25. Rxg2 Rbc8 26. Ra2 h5 27. g4 hxg4 28. hxg4 Nd6 29. Bb4 Bh4 30. Bxd6 Rxd6 31. Rd2 Rc1+ 32. Ke2 Rxd2+ 33. Kxd2 Ra1 34. Ke2 Bxf2 35. Rxf2 Rxa3 0-1